000 00208nam a22000857a 4500
008 160706b xxu||||| |||| 00| 0 eng d
100 _92366
_a Awrobind, S
245 _aA Call to the Youth of India
260 _c1996
999 _c2043
_d2043